000 00619nam a2200181Ia 4500
008 151018s9999 xx 000 0 und d
082 _bRBASDV61044
_a910.4
100 _aप्रकाश जाधव
245 _aश्री नर्मदा परिक्रमा
250 _b1
260 _bदिलीपराज
_c2013
300 _a143
600 _aप्रकाश जाधव
630 _aश्री नर्मदा परिक्रमा
700 _aप्रकाश जाधव
730 _aश्री नर्मदा परिक्रमा
942 _cBOOK
999 _c1054537
_d1054534